| 000 | 00737nam a2200181Ia 4500 | ||
|---|---|---|---|
| 008 | 090630s9999 xx 000 0 und d | ||
| 082 | _b4685 | ||
| 100 | _aचौधरी बनवारीलाल. | ||
| 245 |
_aसंत्र्याची लागवड व व्यापार. _cचौधरी बनवारीलाल. |
||
| 260 |
_bउद्यम. _c1968 |
||
| 300 | _a100 | ||
| 600 | _aचौधरी बनवारीलाल. | ||
| 630 | _aसंत्र्याची लागवड व व्यापार. | ||
| 655 | _aइतर. | ||
| 700 | _aचौधरी बनवारीलाल. | ||
| 730 | _aसंत्र्याची लागवड व व्यापार. | ||
| 942 | _cBOOK | ||
| 999 |
_c256541 _d256541 |
||